<?xml version="1.0" encoding="UTF-8"?>
<record
    xmlns:xsi="http://www.w3.org/2001/XMLSchema-instance"
    xsi:schemaLocation="http://www.loc.gov/MARC21/slim http://www.loc.gov/standards/marcxml/schema/MARC21slim.xsd"
    xmlns="http://www.loc.gov/MARC21/slim">

  <leader>02242nam a2200193 a 4500</leader>
  <controlfield tag="001">000044937</controlfield>
  <controlfield tag="005">20250116073944.0</controlfield>
  <controlfield tag="008">150120s2000    dr a          000 0 spa d</controlfield>
  <datafield tag="040" ind1=" " ind2=" ">
    <subfield code="a">DO-SdBNP</subfield>
    <subfield code="b">spa</subfield>
    <subfield code="c">BNPHU</subfield>
  </datafield>
  <datafield tag="082" ind1=" " ind2=" ">
    <subfield code="a">xxxx</subfield>
    <subfield code="b">xxxx</subfield>
  </datafield>
  <datafield tag="110" ind1="1" ind2=" ">
    <subfield code="a">Rep&#xFA;blica Dominicana.</subfield>
    <subfield code="b">Secretar&#xED;a de Estado de Educaci&#xF3;n, Bellas Artes y Cultos</subfield>
    <subfield code="9">23965</subfield>
  </datafield>
  <datafield tag="245" ind1="1" ind2="0">
    <subfield code="a">Plan decenal de educaci&#xF3;n en acci&#xF3;n transformaci&#xF3;n el marcha :</subfield>
    <subfield code="b">nivel inicial.</subfield>
  </datafield>
  <datafield tag="250" ind1=" " ind2=" ">
    <subfield code="a">4a ed.</subfield>
  </datafield>
  <datafield tag="260" ind1=" " ind2=" ">
    <subfield code="a">Santo Domingo :</subfield>
    <subfield code="b">Secretar&#xED;a de Estado de Educaci&#xF3;n, Bellas Artes y Cultos,</subfield>
    <subfield code="c">2000.</subfield>
  </datafield>
  <datafield tag="300" ind1=" " ind2=" ">
    <subfield code="a">106 p. :</subfield>
    <subfield code="b">il. ;</subfield>
    <subfield code="c">27 cm.</subfield>
  </datafield>
  <datafield tag="490" ind1="1" ind2=" ">
    <subfield code="a">INNOVA 2000</subfield>
    <subfield code="v">5</subfield>
  </datafield>
  <datafield tag="505" ind1="0" ind2=" ">
    <subfield code="a">CARACTERISTICAS GENERALES DEL NIVEL INICIAL --</subfield>
    <subfield code="t">CARACTERISTICAS DE LOS SUJETOS EDUCANDOS DEL NIVEL --</subfield>
    <subfield code="t">Caracter&#xED;sticas evolutivas del ni&#xF1;o y la ni&#xF1;a del nivel --</subfield>
    <subfield code="t">Condiciones socioculturales en las que se desenvuelven los ni&#xF1;os y las ni&#xF1;as del nivel inicial --</subfield>
    <subfield code="t">FUNCIONES DEL NIVEL INICIAL EN LA REPUBLICA DOMINICANA DE CARA AL NUEVO SIGLO --</subfield>
    <subfield code="t">Aportes del nivel para la formaci&#xF3;n del tipo de egresado y de egresada al que se aspira --</subfield>
    <subfield code="t">Contribuci&#xF3;n del nivel para el logro del tipo de sociedad al que se aspira --</subfield>
    <subfield code="t">PROPOSITOS EDUCATIVOS --</subfield>
    <subfield code="t">LOS CONTENIDOS --</subfield>
    <subfield code="t">Concepci&#xF3;n general --</subfield>
    <subfield code="t">Criterios de selecci&#xF3;n y organizaci&#xF3;n --</subfield>
    <subfield code="t">Organizaci&#xF3;n de los contenidos --</subfield>
    <subfield code="t">LAS ESTRATEGIAS DE ENSE&#xD1;ANZA APRENDIZAJE --</subfield>
    <subfield code="t">Procesos de aprendizaje significativo --</subfield>
    <subfield code="t">Condiciones para el aprendizaje significativo --</subfield>
    <subfield code="t">Estrategias pedag&#xF3;gicas --</subfield>
    <subfield code="t">Actividades en el nivel inicial --</subfield>
    <subfield code="t">LA EVALUACION EN EL NIVEL --</subfield>
    <subfield code="t">Conceptualizaci&#xF3;n --</subfield>
    <subfield code="t">Criterios para la evaluaci&#xF3;n --</subfield>
    <subfield code="t">EL PERFIL DE LA EDUCADORA Y EL EDUCADOR --</subfield>
    <subfield code="t">Administraci&#xF3;n del tiempo --</subfield>
    <subfield code="t">EL PAPEL Y TIPO DE CENTRO EDUCATIVO DEL NIVEL INICIAL. LA PARTICIPACION COMUNITARIA --</subfield>
    <subfield code="t">Concepci&#xF3;n general --</subfield>
    <subfield code="t">Funciones del centro educativo del nivel inicial --</subfield>
    <subfield code="t">Algunas condiciones para la organizaci&#xF3;n f&#xED;sica del centro y de otros espacios educativos --</subfield>
    <subfield code="t">La vinculaci&#xF3;n del centro educativo y la comunidad del nivel inicial --</subfield>
    <subfield code="t">La relaci&#xF3;n del centro con la familia --</subfield>
    <subfield code="t">La funci&#xF3;n de la animaci&#xF3;n socio-cultural en el nivel inicial --</subfield>
    <subfield code="t">La orientaci&#xF3;n educativa --</subfield>
    <subfield code="t">MODALIDADES NO ESCOLARIZADAS EN LA EDUCACION INICIAL.</subfield>
  </datafield>
  <datafield tag="830" ind1=" " ind2="0">
    <subfield code="a">INNOVA 2000.</subfield>
    <subfield code="n">5</subfield>
    <subfield code="9">72954</subfield>
  </datafield>
  <datafield tag="952" ind1=" " ind2=" ">
    <subfield code="0">0</subfield>
    <subfield code="1">0</subfield>
    <subfield code="7">1</subfield>
    <subfield code="8">PD</subfield>
    <subfield code="a">PD</subfield>
    <subfield code="b">PD</subfield>
    <subfield code="c">CT</subfield>
    <subfield code="d">2015-01-20</subfield>
    <subfield code="i">LF1</subfield>
    <subfield code="l">0</subfield>
    <subfield code="o">xxxx xxxx</subfield>
    <subfield code="p">44937-10</subfield>
    <subfield code="r">2020-06-25</subfield>
    <subfield code="w">2020-06-25</subfield>
    <subfield code="y">LFPD</subfield>
    <subfield code="Z">No se presta</subfield>
  </datafield>
  <datafield tag="999" ind1=" " ind2=" ">
    <subfield code="c">44426</subfield>
    <subfield code="d">44426</subfield>
  </datafield>
</record>
